Etiqueta de registo: 00000nam 2200025 450
001 2288889
003 http://id.bnportugal.gov.pt/bib/catbnp/2288889
010 ## $a978-989-9241-35-0
021 ## $aPT$b558315/25
100 ## $a20260625d2026 m y0pory01030103ba
101 0# $apor
102 ## $aPT
105 ## $aa z 000yy
106 ## $ar
200 1# $aViagens que contam o mundo$fAna Caldeira$gpref. Paula Perfeito
210 #9 $aLisboa$cPoética,$d2026
215 ## $a226, [4] p.$cil.$d23 cm
700 #1 $93$aCaldeira,$bAna$32001759
702 #1 $aPerfeito,$bPaula$4080$31870913
801 #0 $aPT$bBN$gRPC
966 ## $lBN$mFGMON$x1
971 ## $corlando$d20260625